Statistiques concernant Meilleurs films d'auteur selon Sens Critique

Cliquez ici pour prendre le quiz!

Statistiques générales

  • Ce quiz a été pris 12 fois
  • Le résultat moyen est 10 sur 36

Statistiques - réponses

HintHintRéponse% Correct
1995Mathieu KassovitzLa Haine
73%
1990Tim BurtonEdward aux mains d'argent
64%
2002Gaspar NoéIrréversible
55%
2001David LynchMulholland drive
55%
2011Lars von TrierMelancholia
45%
1965Jean Luc GodardPierrot le fou
45%
1976Martin ScorseseTaxi driver
45%
2009Jacques AudiardUn prophète
45%
1968Stanley Kubrick2001 : L'Odyssée de l'espace
36%
1995Jim JarmuschDead Man
36%
1977David LynchEraserhead
36%
2013Spike JonzeHer
36%
2012Leos CaraxHoly Motors
36%
2007Sean PennInto the wild
36%
2014Quentin DupieuxRéalité
36%
2000Darren AronofskyRequiem for a dream
36%
2015Yorgos LanthimosThe lobster
36%
2010Gaspar NoéEnter the Void
27%
1999Gaspar NoéSeul contre tous
27%
2012Paul Thomas AndersonThe Master
27%
2013Jonathan GlazerUnder the skin
27%
1975Milos FormanVol au-dessus d'un nid de coucou
27%
2003Alejandro Gonzalez Inarritu21 grammes
18%
2009Lars von TrierAntichrist
18%
2003Tim BurtonBig Fish
18%
2012Thomas VinterbergLa chasse
18%
2005Woody AllenMatch Point
18%
2013Jim JarmuschOnly Lovers Left Alive
18%
2011Roman PolanskiCarnage
9%
2016Jean-Marc ValléDemolition
9%
2014Denis VilleneuveEnnemy
9%
1989Peter WeirLe cercle des poètes disparus
9%
1999Spike JonzeDans la peau de John Malkovich
0%
2015Terrence MalickKnight of cups
0%
2009Nicolas Winding RefnLe Guerrier silencieux - Valhalla Rising
0%
2015Gus Van SantNos souvenirs
0%

Distribution des résultats

Percentile par nombre de réponses

% des personnes avec chaque résultat

Votre développement - résultats

Vous n’avez pas pris ce quiz